• 首页
  • 本馆介绍
  • 公告通知
  • 最新文献
  • 馆藏检索
  • 电子资源
  • 读者导购
  • 参考咨询
  • 我的图书馆
  • 登录
  • 详细信息显示
  • 放入我的书架
  • 预约/预借图书
  • 作者相关作品
  • 分类相关作品
  • 丛书相关作品
  • 出版社相关作品

书目信息

  • 表格格式
  • 工作单格式
  • 卡片格式
题名:
中国高速公路自驾导航地图集
    
 
作者:
分册:  
出版信息: 北京   中国地图出版社  2012.01
页数: 378页
开本: 30cm
丛书名:
单 册:
中图分类: F542.7-64
科图分类:
主题词: 高速公路--公路图--地图集--中国 , 高速公路 , 公路图
电子资源:
ISBN: 978-7-5031-6153-7
000 00896nam0 2200253 450
001 004393268
005 20130504153325.56
010    @a978-7-5031-6153-7@dCNY78.00
100    @a20120316d2012 em y0chiy50 ea
101 0  @achi
102    @aCN@b110000
105    @aab z 001yy
106    @ar
200 1  @a中国高速公路自驾导航地图集@9zhong guo gao su gong lu zi jia dao hang di tu ji@dChina road atlas for self-driving@e2012详查版@zeng
210    @a北京@c中国地图出版社@d2012.01
215    @a378页@c图,地图@d30cm
330    @a本书采用交通部门最新专业公路网资料编制,详细表示了国家高速公路、省级高速公路、国道、省道以及县乡道路的走向及名称编号。
510 1  @aChina road atlas for self-driving@zeng
606 0  @a高速公路@x公路图@x地图集@y中国
606 0  @a高速公路
606 0  @a公路图
690    @aF542.7-64@v4
801  0 @aCN@bRENTIAN@c20120316
905    @b542721-25@dF542.7-64@e23@f5
    
    中国高速公路自驾导航地图集=China road atlas for self-driving:2012详查版.-北京:中国地图出版社,2012.01
    378页:图,地图;30cm
    
    
    ISBN 978-7-5031-6153-7:CNY78.00
    本书采用交通部门最新专业公路网资料编制,详细表示了国家高速公路、省级高速公路、国道、省道以及县乡道路的走向及名称编号。
●
相关链接 在E读中查询图书 在五车中查询图书 在当当中查询图书 在豆瓣中查询图书


正题名:中国高速公路自驾导航地图集     索取号:F542.7-64/23         预约/预借

序号 登录号 条形码 馆藏地/架位号 状态 备注
1 542721   205427215   第一样本阅览室/ [索取号:F542.7-64/23] 在馆    
2 542722   205427224   第一借阅区/ [索取号:F542.7-64/23] 在馆    
3 542723   205427233   第一借阅区/ [索取号:F542.7-64/23] 在馆    
4 542724   205427242   第一借阅区/ [索取号:F542.7-64/23] 在馆    
5 542725   205427251   第一借阅区/ [索取号:F542.7-64/23] 在馆    
唐山师范学院图书馆 欢迎您!
大连网信软件有限公司© 版权所有